000 00594nam a2200181Ia 4500
008 100921s9999 xx 000 0 und d
082 _b24064
_a891.463 थ 82
100 _aदिघे र.वा.
245 _aनिसर्गकन्या रानजाई.
260 _b---
_c1982
300 _a150
_b---
365 _b15
520 _aललित-कादंबरी.
630 _aनिसर्गकन्या रानजाई.
650 _aललित-कादंबरी.
730 _aनिसर्गकन्या रानजाई.
942 _cBOOK
999 _c773177
_d773174